Países que importan el mayor número de armas - Estadísticas

Estadísticas generales
  • Esta prueba ha sido intentada 2.941 veces
    1.994 desde el último reinicio
  • La puntuación promedio es 14 de 20
Estadísticas de respuestas
USD País % Correcto
6 370 M Estados Unidos
98%
11 100 M China
94%
7 950 M Japón
85%
26 900 M India
84%
5 860 M Israel
79%
5 550 M Irak
77%
8 340 M Corea del Sur
76%
10 300 M Pakistán
74%
27 900 M Arabia Saudita
70%
7 000 M Ucrania
69%
13 200 M Egipto
66%
5 730 M Reino Unido
66%
11 800 M Australia
62%
5 500 M Turquía
61%
4 810 M Indonesia
59%
8 150 M Emiratos Árabes Unidos
55%
4 990 M Vietnam
50%
8 550 M Argelia
47%
12 800 M Catar
47%
5 120 M Kuwait
34%
No se encontraron pruebas coincidentes
Distribución de puntuación
Porcentaje de gente con cada puntuación
Porcentaje por número respondido
Historial de tus puntuaciones
No has intentado esta prueba desde el último reinicio